قوج اور عدلیہ / (Record no. 170241)

MARC details
000 -LEADER
fixed length control field 00549nam a22001937a 4500
005 - DATE AND TIME OF LATEST TRANSACTION
control field 20191212131755.0
010 ## - LCCN (DPL NO)
LC control number A-645045
020 ## - INTERNATIONAL STANDARD BOOK NUMBER
Terms of availability 150.00
035 ## - SYSTEM CONTROL NUMBER
System control number A-645045
037 ## - SOURCE OF ACQUISITION
Source of stock number/acquisition BPPD/Pub.
082 ## - DEWEY DECIMAL CLASSIFICATION NUMBER
Classification number 320.95491
100 ## - MAIN ENTRY--PERSONAL NAME
Personal name منیر احمد
245 ## - TITLE STATEMENT
Title قوج اور عدلیہ /
Statement of responsibility, etc منیر احمد
246 ## - VARYING FORM OF TITLE
Title proper/short title Fauj Aur Adliyah (Urdu) /
Remainder of title by Maneer Ahmed
260 ## - PUBLICATION, DISTRIBUTION, ETC. (IMPRINT)
Place of publication, distribution, etc Lucknow
Name of publisher, distributor, etc Frontier Lost Publications
Date of publication, distribution, etc 1993 ء
270 ## - ADDRESS
Address -
City -
Postal code -
300 ## - PHYSICAL DESCRIPTION
Extent 240p.
Dimensions 20cm(Hb)
942 ## - ADDED ENTRY ELEMENTS (KOHA)
Source of classification or shelving scheme Dewey Decimal Classification
Item type Urdu Bks
Classification part 320.95491
Call number suffix م ن ی
Holdings
Withdrawn status Lost status Not for loan Collection code Home library Current library Date acquired Source of acquisition Cost, normal purchase price Full call number Barcode Copy number Cost, replacement price Koha item type
      Non-fiction Central Library Central Library 12/12/2019 BPPD/Ven. 150.00 320.95491 م ن ی A-645045 1 150.00 Urdu Bks

© Delhi Public Library
Hit Counter
free hit counter